Filosofía del derecho
Kaydedildi:
| Asıl Yazarlar: | , , , |
|---|---|
| Diğer Yazarlar: | , , , , |
| Materyal Türü: | Kitap |
| Dil: | İspanyolca |
| Baskı/Yayın Bilgisi: |
Valparaíso
EDEVAL
1980
|
| Seri Bilgileri: | Jornadas Académicas, 1
|
| Konular: | |
| Etiketler: |
Etiketle
Etiket eklenmemiş, İlk siz ekleyin!
|
MARC
| LEADER | 00000nam a2200000 a 4500 | ||
|---|---|---|---|
| 001 | UCT8781 | ||
| 003 | CL-VaPUC | ||
| 005 | 20250131113747.0 | ||
| 008 | 970326e19800000CL |||||||||||||||||spa|d | ||
| 999 | |c 257264 |d 257262 | ||
| 040 | |c Pontificia Universidad Católica de Valparaíso | ||
| 082 | 0 | 4 | |a 340.1 |b SER |2 21 |
| 100 | 0 | |a Serra Heise, Juan Enrique |e author |9 380819 | |
| 245 | 1 | 0 | |a Filosofía del derecho |
| 260 | |a Valparaíso |b EDEVAL |c 1980 | ||
| 300 | |a 171 p | ||
| 490 | 0 | |a Jornadas Académicas, 1 | |
| 583 | |a last modification |c 19970326 00:00:00 |k Rodrigo Vera | ||
| 600 | |a Kelsen, Hans |d 1881-1973 |9 859087 | ||
| 650 | 0 | |a Filosofía del derecho |9 255050 | |
| 650 | 0 | |a Teoría del derecho |9 255982 | |
| 650 | 0 | |a Positivismo jurídico |9 255992 | |
| 650 | 0 | |a Derecho natural |9 255041 | |
| 650 | 0 | |a Etica y derecho |9 341370 | |
| 650 | 0 | |a Hermenéutica jurídica |9 380798 | |
| 700 | 0 | |a Bascuñán Valdés, Antonio |e author |9 380820 | |
| 700 | 0 | |a Squella Narducci, Agustín |e author |9 380821 | |
| 700 | 0 | |a Pedrals, Antonio |e author |9 380822 | |
| 700 | |a Gandolfo Barón, Rafael |e autor |9 380823 | ||
| 700 | |a Hübner Gallo, Jorge Iván |e autor |9 381209 | ||
| 700 | |a Durán Villarreal, Fernando |e autor |9 886084 | ||
| 700 | |a Rivera Cruchaga, Jorge Eduardo |e autor |9 896065 | ||
| 700 | |a Quintana Bravo, Fernando |e autor |9 587084 | ||
| 852 | |a BIBCUR | ||
| 942 | |c BK |2 ddc | ||
| 945 | |d 19970326 00:00:00 |a paguirre | ||
| 952 | |0 0 |1 0 |4 0 |6 340_100000000000000_SER_1980 |7 0 |8 A |9 280593 |a BIBDER |b BIBDER |d 2019-11-19 |i 1817531 |o 340.1 SER 1980 |p 1817531 |r 2023-01-25 |w 2019-11-19 |y BK |k DER | ||
| 952 | |0 0 |1 0 |4 0 |6 340_100000000000000_SER_1980 |7 0 |8 DER_TF |9 280594 |a BIBDER |b BIBDER |d 2019-11-19 |i 1884794 |o 340.1 SER 1980 |p 1884794 |r 2023-01-25 |w 2019-11-19 |x Ubicación 4to Piso |y BK |z Estos recursos deben solicitarse con anticipación |k DER | ||
| 952 | |0 0 |1 0 |4 0 |6 340_100000000000000_SER_1980 |7 0 |8 A |9 280595 |a BIBDER |b BIBDER |d 2019-11-19 |i 3928462 |o 340.1 SER 1980 |p 3928462 |r 2019-11-19 |w 2019-11-19 |y BK |k DER | ||